Piłkarski quiz transferowy 21! (LaLiga Edition)) - Statystyki

Ogólne statystyki
  • Ten quiz został rozwiązany 50 razy
  • Średni wynik to 5 z 20
Statystyki odpowiedzi
Zawodnik Poprzedni klub Obecny klub % Poprawnych
Gerard Pique Manchester U Barcelona
92%
Claudio Bravo Manchester City Real Betis
69%
Radamel Falcao Galatasaray Rayo Vallecano
48%
Gabriel Paulista Arsenal Valencia
40%
Marcelo Fluminense Real Madryt
38%
Omar Mascarell Schalke Elche
33%
Stefan Savic Fiorentina Atletico Madryt
25%
Vicente Iborra Leicester Villarreal
25%
Raul de Tomas Benfica Espanyol
21%
Youssef En Nesyri Leganes Sevilla
21%
Florian Lejeune Newcastle Alaves
21%
Alex Berenguer Torino Athletic Bilbao
21%
Enes Unal Villarreal Getafe
21%
Roberto Soldado Granada Levante
17%
Angel Rodriguez Getafe Mallorca
15%
Ante Budimir Mallorca Osasuna
15%
Iago Aspas Sevilla Celta Vigo
15%
Lucas Perez Elche Cadiz
8%
Robin Le Normand Brest Real Sociedad
0%
Luis Suarez Watford Granada
0%
Nie znaleziono quizów pasujących do podanych kryteriów
Rozkład punktacji
Procent ludzi z każdym wynikiem
Percentyl według liczby udzielonych odpowiedzi
Twoja historia wyników
Nie rozwiązałeś tego quizu